00417 2200169 4500001002100000005001500021035002000036007000300056008004100059020002200100082001000122084002000132100002300152245002900175260002700204300001600231INLIS00000000000029720210421075220 a0010-0421000297ta210421 g 0 ind  a978-602-8034-10-6 a925.4 a925.4 ALA m.c.10 aKamaludin Alamsyah1 aMengenal Ilmu-Ilmu Kimia aBandung :bArfino Raya a50 ;c21 cm